Lieutenant General Daniel Opande : (Record no. 4310)

000 -LEADER
fixed length control field 00956cam a2200265 i 4500
001 - CONTROL NUMBER
control field 21131716
005 - DATE AND TIME OF LATEST TRANSACTION
control field 20220210113956.0
008 - FIXED-LENGTH DATA ELEMENTS--GENERAL INFORMATION
fixed length control field 190814s2019 ke a 001 0aeng
010 ## - LIBRARY OF CONGRESS CONTROL NUMBER
LC control number 2019350557
020 ## - INTERNATIONAL STANDARD BOOK NUMBER
International Standard Book Number 9789966564320
040 ## - CATALOGING SOURCE
Original cataloging agency DLC
Language of cataloging eng
Description conventions rda
Transcribing agency DLC
042 ## - AUTHENTICATION CODE
Authentication code lcode
-- pcc
043 ## - GEOGRAPHIC AREA CODE
Geographic area code f-ke---
050 00 - LIBRARY OF CONGRESS CALL NUMBER
Classification number DT433.582.O63
Item number O63 2019
100 1# - MAIN ENTRY--PERSONAL NAME
Personal name Opande, Daniel,
Dates associated with a name 1943-
Relator term author.
245 10 - TITLE STATEMENT
Title Lieutenant General Daniel Opande :
Remainder of title in pursuit of peace in Africa : an autobiography /
Statement of responsibility, etc Daniel Opande.
300 ## - PHYSICAL DESCRIPTION
Extent xvi, 238 pages :
Other physical details color illustrations ;
Dimensions 24 cm
500 ## - GENERAL NOTE
General note Includes index.
600 10 - SUBJECT ADDED ENTRY--PERSONAL NAME
Personal name Opande, Daniel,
Dates associated with a name 1943-
650 #0 - SUBJECT ADDED ENTRY--TOPICAL TERM
Topical term or geographic name as entry element Retired military personnel
Geographic subdivision Kenya
Form subdivision Biography.
651 #0 - SUBJECT ADDED ENTRY--GEOGRAPHIC NAME
Geographic name Kenya
General subdivision Politics and government.
906 ## - LOCAL DATA ELEMENT F, LDF (RLIN)
a 7
b cbc
c origode
d 2
e ncip
f 20
g y-gencatlg
942 ## - ADDED ENTRY ELEMENTS (KOHA)
Source of classification or shelving scheme
Item type Book
Holdings
Withdrawn status Lost status Source of classification or shelving scheme Damaged status Not for loan Home library Current library Shelving location Date acquired Total Checkouts Full call number Barcode Date last seen Copy number Price effective from Koha item type
          Riara University Library Riara University Library General stack 10/02/2022   DT433.582.O63 10512/21 10/02/2022 C.1 10/02/2022 Book

Riara University Library,
P.O. Box 49940-00100,
Nairobi, Kenya.